• 首页
  • 本馆介绍
  • 公告通知
  • 最新文献
  • 馆藏检索
  • 电子资源
  • 读者导购
  • 参考咨询
  • 我的图书馆
  • 登录
  • 详细信息显示
  • 放入我的书架
  • 预约/预借图书
  • 作者相关作品
  • 分类相关作品
  • 丛书相关作品
  • 出版社相关作品

书目信息

  • 表格格式
  • 工作单格式
  • 卡片格式
题名:
非典型肺炎可防可治
    
 
作者: 孟淑芳 编著
分册:  
出版信息: 天津   天津科技翻译出版公司  2003
页数: 155页
开本: 20cm
丛书名:
单 册:
中图分类: R56
科图分类:
主题词: 呼吸系统疾病--hu xi xi tong ji bing--康复 , 呼吸系统疾病--hu xi xi tong ji bing--防治
电子资源:
ISBN: 7-5433-0488-0
000 00803nam2 2200241 450
001 0123456113859
005 20070730144056.56
010    @a7-5433-0488-0@dCNY6.00
100    @a20040228d2003 em y0chiy0121 ea
101 0  @achi
102    @aCN@b120000
105    @aa z 000yy
200 1  @a非典型肺炎可防可治@Afei dian xing fei yan ke fang ke zhi@e远离呼吸系统疾病@f孟淑芳等编著@Fmeng shu fang deng bian zhu
205    @a第3版
210    @a天津@c天津科技翻译出版公司@d2003
215    @a155页@c图@d20cm
517 1  @a远离呼吸系统疾病@Ayuan li hu xi xi tong ji bing
606 0  @a呼吸系统疾病@Ahu xi xi tong ji bing@x康复
606 0  @a呼吸系统疾病@Ahu xi xi tong ji bing@x防治
690    @aR56@v4
701  0 @a孟淑芳@Ameng shu fang@4编著
801  0 @aCN@bWHC@c20070730
905    @a10447@dR56@e106=3
    
    非典型肺炎可防可治:远离呼吸系统疾病/孟淑芳等编著.-第3版.-天津:天津科技翻译出版公司,2003
    155页:图;20cm
    
    
    ISBN 7-5433-0488-0:CNY6.00
    
●
相关链接 在E读中查询图书 在五车中查询图书 在当当中查询图书 在豆瓣中查询图书


正题名:非典型肺炎可防可治     索取号:R56/106=3         预约/预借

序号 登录号 条形码 馆藏地/架位号 状态 备注
1 0789010   207890102   第二样本阅览室/ [索取号:R56/106=3] 在馆    
2 0789011   207890111   第三借阅区/ [索取号:R56/106=3] 在馆    
3 0789012   207890120   第三借阅区/ [索取号:R56/106=3] 在馆    
4 0789013   207890139   第三借阅区/ [索取号:R56/106=3] 在馆    
5 0789014   207890148   第三借阅区/ [索取号:R56/106=3] 在馆    
唐山师范学院图书馆 欢迎您!
大连网信软件有限公司© 版权所有